[Event "SPICE Cup op"]
[Site "Saint Louis USA"]
[Date "2017.10.25"]
[Round "8.10"]
[White "Barcenilla, Rogelio"]
[Black "Thavandiran, Shiyam"]
[Result "0-1"]
[WhiteElo "2446"]
[BlackElo "2385"]
[PlyCount "80"]
[EventDate "2017.10.21"]
[EventType "swiss"]
[EventRounds "9"]
[EventCountry "USA"]
[Source "Chess Mix"]
[SourceDate "2017.11.01"]

1. c4 Nf6 2. Nf3 e6 3. b3 c5 4. Bb2 a6 5. g3 b6 6. Bg2 Bb7 7. O-O d6 8. d4 cxd4
9. Qxd4 Nbd7 10. Nc3 Be7 11. Rfd1 O-O 12. Rac1 Qc7 13. h3 Rfe8 14. g4 h6 15.
Qe3 Rac8 16. Qf4 Qb8 17. Qg3 Nf8 18. Ne1 Ng6 19. Bxb7 Qxb7 20. Ng2 b5 21. cxb5
axb5 22. Nf4 Ne5 23. Nd3 Ned7 24. Qg2 d5 25. e3 b4 26. Na4 Rxc1 27. Rxc1 Rc8
28. Qf1 Rxc1 29. Qxc1 Ne4 30. f3 Ng5 31. Kg2 d4 32. e4 Nxe4 33. Bxd4 Ng5 34.
Qe3 Qc6 35. Qe2 Qd5 36. Bb2 e5 37. Bxe5 Nxe5 38. Nxe5 Ne6 39. Qe3 Bg5 40. Nb6
Qb5 0-1

[Event "SPICE Cup op"]
[Site "Saint Louis USA"]
[Date "2017.10.26"]
[Round "9.8"]
[White "Thavandiran, Shiyam"]
[Black "Chandra, Akshat"]
[Result "0-1"]
[WhiteElo "2385"]
[BlackElo "2483"]
[PlyCount "68"]
[EventDate "2017.10.21"]
[EventType "swiss"]
[EventRounds "9"]
[EventCountry "USA"]
[Source "Chess Mix"]
[SourceDate "2017.11.01"]

1. e4 e5 2. Nf3 Nc6 3. Bc4 Bc5 4. O-O Nf6 5. d3 d6 6. a4 O-O 7. c3 a5 8. Re1 h6
9. h3 Be6 10. Bxe6 fxe6 11. Qb3 Qd7 12. Be3 Nh5 13. Nbd2 Nf4 14. Bxc5 dxc5 15.
Re3 b6 16. Qb5 Rf6 17. Kh2 g5 18. b4 axb4 19. cxb4 Rf7 20. g3 Nxb4 21. Qxd7
Rxd7 22. Nxe5 Rxd3 23. Nxd3 Nfxd3 24. Rf3 b5 25. Nb3 bxa4 26. Nc1 c4 27. Na2 c5
28. Kg1 a3 29. Kf1 Nc2 30. Rb1 Nd4 31. Re3 Nb4 32. Nc3 a2 33. Nxa2 Nxa2 34. f4
c3 0-1

[Event "Varennes int."]
[Site "Varennes CAN"]
[Date "2017.10.06"]
[Round "1.9"]
[White "Thavandiran, Shiyam"]
[Black "Saha, Ananda"]
[Result "1-0"]
[WhiteElo "2385"]
[BlackElo "2018"]
[PlyCount "71"]
[EventDate "2017.10.06"]
[EventType "swiss"]
[EventRounds "5"]
[EventCountry "CAN"]

1. e4 c5 2. Nf3 e6 3. d4 cxd4 4. Nxd4 a6 5. Bd3 Bc5 6. Nb3 Be7 7. Be3 Qc7 8.
N1d2 d6 9. f4 Nf6 10. g4 Nc6 11. c3 b6 12. g5 Nd7 13. h4 Bb7 14. Qe2 Nc5 15.
Nxc5 bxc5 16. h5 Kd8 17. Nf3 Qa5 18. O-O h6 19. g6 c4 20. Bxc4 Qxh5 21. Ne5
Qxe2 22. Nxf7+ Kc7 23. Bxe2 Rhf8 24. Bg4 Nd8 25. Nxd8 Raxd8 26. Bxe6 Bxe4 27.
Bf7 Bf6 28. Rad1 Rb8 29. b4 Rb5 30. Bd4 Rf5 31. c4 Kc6 32. Rfe1 Bf3 33. Bxf6
Rxf6 34. Rd4 Bh5 35. Re7 Bxg6 36. Bd5+ 1-0

[Event "Varennes int."]
[Site "Varennes CAN"]
[Date "2017.07.10"]
[Round "2.8"]
[White "Zheng, Richard"]
[Black "Thavandiran, Shiyam"]
[Result "0-1"]
[WhiteElo "1895"]
[BlackElo "2385"]
[PlyCount "104"]
[EventDate "2017.10.06"]
[EventType "swiss"]
[EventRounds "5"]
[EventCountry "CAN"]

1. d4 Nf6 2. c4 c5 3. e3 e6 4. Nc3 d5 5. Nf3 Nc6 6. Ne5 Bd6 7. f4 O-O 8. g3
cxd4 9. exd4 dxc4 10. Nxc6 bxc6 11. Bg2 Rb8 12. Bxc6 Qb6 13. Bg2 Rd8 14. Qe2
Nd5 15. Bxd5 exd5 16. O-O Bf5 17. Rd1 Re8 18. Qf3 Bd3 19. Qf2 Qc6 20. Be3 Rb7
21. Rac1 Rbe7 22. Re1 Bb4 23. Bd2 Bxc3 24. Bxc3 Re2 25. Qf3 Qh6 26. h4 R8e4 27.
Rxe2 Bxe2 28. Qf2 f5 29. Re1 Qh5 30. Bd2 Qg4 31. Kh2 h6 32. Be3 Bd3 33. Bd2
Rxe1 34. Qxe1 Qf3 35. Qe3 Qd1 36. Qe1 Qc2 37. Qc1 Qa4 38. a3 Be4 39. Kg1 Qa6
40. Bc3 Qg6 41. Qe3 Qg4 42. Qf2 Qd1+ 43. Qf1 Qc2 44. Qf2 Qd3 45. Be1 Qd1 46.
Qe3 Kf7 47. Kf2 Kg6 48. Qc3 Bd3 49. Qd2 Qg4 50. Qe3 Qh3 51. Qe6+ Kh7 52. Qxd5
Qf1+ 0-1

[Event "Varennes int."]
[Site "Varennes CAN"]
[Date "2017.10.07"]
[Round "3.3"]
[White "Thavandiran, Shiyam"]
[Black "Hambleton, Aman"]
[Result "1/2-1/2"]
[WhiteElo "2385"]
[BlackElo "2479"]
[PlyCount "111"]
[EventDate "2017.10.06"]
[EventType "swiss"]
[EventRounds "5"]
[EventCountry "CAN"]

1. e4 c5 2. Nf3 e6 3. d4 cxd4 4. Nxd4 Nc6 5. Nc3 Qc7 6. Be2 a6 7. O-O Nf6 8.
Be3 Bb4 9. Na4 Be7 10. Nxc6 bxc6 11. Nb6 Rb8 12. Nxc8 Qxc8 13. Bd4 c5 14. Be5
Rb6 15. Qd3 d6 16. Bc3 O-O 17. b3 Qc6 18. e5 Nd5 19. Bf3 Qb5 20. Bxd5 Qxd3 21.
cxd3 exd5 22. exd6 Bxd6 23. Rfe1 Rc8 24. Rac1 f6 25. Kf1 Kf7 26. Bd2 h5 27. Rc2
Rbc6 28. h3 c4 29. dxc4 dxc4 30. bxc4 Rxc4 31. Rxc4 Rxc4 32. Rc1 Ra4 33. Rc2 g5
34. Ke2 Ke6 35. Kd3 Kd5 36. Kc3 Ra3+ 37. Kb2 Rd3 38. Bc3 f5 39. Re2 Kc4 40. Bf6
g4 41. hxg4 fxg4 42. Kc2 Ra3 43. Kb2 Ra5 44. Bc3 Rf5 45. Kc2 Bc5 46. f3 gxf3
47. gxf3 Bd6 48. Re4+ Kb5 49. a4+ Kc5 50. Bb4+ Kd5 51. Bxd6 Kxd6 52. Rh4 Ke5
53. Kd2 Kf6 54. Ke3 Rc5 55. Kf2 a5 56. Kg3 1/2-1/2

[Event "Varennes int."]
[Site "Varennes CAN"]
[Date "2017.10.08"]
[Round "4.3"]
[White "Ortiz Suarez, Isan Reynaldo"]
[Black "Thavandiran, Shiyam"]
[Result "1/2-1/2"]
[WhiteElo "2528"]
[BlackElo "2385"]
[PlyCount "81"]
[EventDate "2017.10.06"]
[EventType "swiss"]
[EventRounds "5"]
[EventCountry "CAN"]

1. Nf3 Nf6 2. c4 e6 3. g3 c5 4. Bg2 a6 5. Nc3 Qc7 6. O-O d6 7. d4 cxd4 8. Nxd4
Be7 9. Nb3 Qxc4 10. Be3 Qc7 11. Rc1 Nc6 12. Na4 d5 13. Nd4 O-O 14. Nb6 Rb8 15.
Qa4 Bd7 16. Nxd7 Qxd7 17. Nxc6 bxc6 18. Rxc6 Rxb2 19. Rfc1 Ra8 20. Bd4 Rb4 21.
Qd1 Rb7 22. e3 a5 23. a4 Ba3 24. R1c2 Rab8 25. Bf1 Rb1 26. Qd3 Bf8 27. Qa6 h6
28. Kg2 Qb7 29. Bb5 Qxa6 30. Rxa6 Bb4 31. Rac6 Rb3 32. Rc7 Ne4 33. h4 Bd6 34.
Ra7 Bb4 35. Be5 Rf8 36. Bd7 Nc5 37. Bb5 Nd3 38. Bxd3 Rxd3 39. Ra2 Rc8 40. Bc7
Bc5 41. Rb7 1/2-1/2

[Event "US Chess Masters"]
[Site "Greensboro USA"]
[Date "2017.08.23"]
[Round "1.3"]
[White "Zherebukh, Yaroslav"]
[Black "Thavandiran, Shiyam"]
[Result "1/2-1/2"]
[WhiteElo "2627"]
[BlackElo "2347"]
[PlyCount "153"]
[EventDate "2017.08.23"]
[EventType "swiss"]
[EventRounds "9"]
[EventCountry "USA"]
[Source "Chess Mix"]
[SourceDate "2017.09.01"]

1. d4 Nf6 2. Bg5 b6 3. Nc3 Bb7 4. Nf3 d5 5. Ne5 Nbd7 6. e3 Nxe5 7. dxe5 Nd7 8.
e4 dxe4 9. e6 fxe6 10. Bc4 Nf6 11. Qe2 Bd5 12. O-O-O c6 13. Rhe1 Qc7 14. Kb1
O-O-O 15. Rd2 g6 16. g3 Bg7 17. Bf4 e5 18. Bg5 Kb7 19. Nxd5 cxd5 20. Bxf6 exf6
21. Bxd5+ Kb8 22. Qxe4 f5 23. Qe2 e4 24. c3 Rd7 25. f3 exf3 26. Bxf3 Rhd8 27.
Red1 Rxd2 28. Rxd2 Bf6 29. Kc2 Rxd2+ 30. Qxd2 Qd8 31. Qf4+ Qc7 32. Qa4 a5 33.
Qe8+ Bd8 34. Qg8 Qd7 35. Qc4 Ka7 36. a4 Bc7 37. Kb3 Bd8 38. Qg8 b5 39. axb5
Qxb5+ 40. Kc2 Qa4+ 41. Kb1 Qd7 42. Qc4 Kb6 43. Be2 Qc6 44. Qd4+ Kc7 45. Ka2 Qd7
46. Qc5+ Kb8 47. Bf3 Bc7 48. Bc6 Qe6+ 49. Bd5 Qd6 50. Qb5+ Bb6 51. Bg8 Ka7 52.
Qe8 h6 53. Qf7+ Bc7 54. Qc4 f4 55. gxf4 Qxf4 56. Qb5 Qd6 57. Bd5 Bb6 58. h3 g5
59. Kb3 Kb8 60. Qe8+ Bd8 61. Kc4 Qa6+ 62. Kd4 Qf6+ 63. Kd3 Qf5+ 64. Kc4 Qf6 65.
Qd7 Qf4+ 66. Kb5 Qc7 67. Qe6 Be7 68. Bc6 Ka7 69. Qe3+ Kb8 70. Bf3 Bd8 71. Bc6
Qc8 72. Qf3 Qe6 73. c4 Qe5+ 74. c5 Ka7 75. Qf2 Qe6 76. b4 Qb3 77. Qd2 1/2-1/2

[Event "US Chess Masters"]
[Site "Greensboro USA"]
[Date "2017.08.24"]
[Round "3.28"]
[White "Kumar, Aravind"]
[Black "Thavandiran, Shiyam"]
[Result "0-1"]
[WhiteElo "2238"]
[BlackElo "2347"]
[PlyCount "70"]
[EventDate "2017.08.23"]
[EventType "swiss"]
[EventRounds "9"]
[EventCountry "USA"]
[Source "Chess Mix"]
[SourceDate "2017.09.01"]

1. d4 Nf6 2. c4 c5 3. d5 e6 4. Nc3 exd5 5. cxd5 d6 6. e4 g6 7. Nge2 Bg7 8. Ng3
O-O 9. Be2 a6 10. a4 Re8 11. O-O Nbd7 12. Bg5 Rb8 13. Qd2 Qc7 14. Bh6 Bh8 15.
f4 c4 16. e5 dxe5 17. f5 b5 18. axb5 axb5 19. Nce4 Nxe4 20. Nxe4 Nc5 21. d6 Qb6
22. Nxc5 Qxc5+ 23. Be3 Qc6 24. fxg6 hxg6 25. Bg5 Bd7 26. h4 Re6 27. Be7 Qc5+
28. Kh1 Rxe7 29. dxe7 Qxe7 30. g3 Bc6+ 31. Kh2 e4 32. Rad1 e3 33. Qc1 Be5 34.
Qxe3 Qxh4+ 35. Kg1 Bxg3 0-1

[Event "CAN-ch TB 3-4 place 15+10"]
[Site "Montreal CAN"]
[Date "2017.07.01"]
[Round "1"]
[White "Yu, Zong Yang"]
[Black "Thavandiran, Shiyam"]
[Result "1/2-1/2"]
[WhiteElo "2393"]
[BlackElo "2363"]
[PlyCount "97"]
[EventDate "2017.07.01"]
[EventType "match (rapid)"]
[EventRounds "4"]
[EventCountry "CAN"]

1. Nf3 Nf6 2. c4 c5 3. Nc3 e6 4. g3 a6 5. Bg2 Be7 6. O-O Qc7 7. b3 d6 8. Bb2
Nc6 9. d4 cxd4 10. Nxd4 Nxd4 11. Qxd4 Bd7 12. Rac1 O-O 13. Rfd1 Rfd8 14. Ba3
Be8 15. Bb2 Bf8 16. Ne4 Nxe4 17. Bxe4 Bc6 18. Qd3 Bxe4 19. Qxe4 Rac8 20. Qb1
Qa5 21. Bc3 Qh5 22. Qd3 Be7 23. e4 h6 24. a4 Rc7 25. Kg2 Rcd7 26. Qd2 Qc5 27.
Qd4 Bf6 28. Qd3 Bxc3 29. Qxc3 Qc6 30. Qf3 Rc8 31. Ra1 a5 32. Rd3 Qc5 33. Rad1
Kf8 34. Qf4 Rcd8 35. Kg1 Ke8 36. Qg4 Qg5 37. Qe2 Qc5 38. Qb2 Qe5 39. Qxe5 dxe5
40. Rxd7 Rxd7 41. Rxd7 Kxd7 42. Kf1 f5 43. f3 Kd6 44. Ke2 Kc5 45. Kd3 h5 46. h3
g5 47. g4 hxg4 48. hxg4 f4 49. Kc3 1/2-1/2

[Event "CAN-ch TB 3-4 place 15+10"]
[Site "Montreal CAN"]
[Date "2017.07.01"]
[Round "2"]
[White "Thavandiran, Shiyam"]
[Black "Yu, Zong Yang"]
[Result "1/2-1/2"]
[WhiteElo "2363"]
[BlackElo "2393"]
[PlyCount "78"]
[EventDate "2017.07.01"]
[EventType "match (rapid)"]
[EventRounds "4"]
[EventCountry "CAN"]

1. e4 c5 2. Nf3 e6 3. d4 cxd4 4. Nxd4 Nf6 5. Bd3 a6 6. O-O d6 7. Qe2 Nbd7 8. a4
Be7 9. a5 O-O 10. Nd2 Qc7 11. c3 Nc5 12. Bc2 e5 13. N4f3 Bg4 14. h3 Bh5 15. Re1
Rfe8 16. Nf1 d5 17. Ng3 dxe4 18. Nxh5 Nxh5 19. Bxe4 Nf6 20. Bc2 e4 21. Nd4 Qe5
22. g3 Bd6 23. Bf4 Qd5 24. Bxd6 Qxd6 25. Kh2 g6 26. Rad1 Qc7 27. Qe3 Ncd7 28.
Ra1 h5 29. Kg2 Re5 30. Bb3 Kg7 31. Qf4 Rc8 32. f3 exf3+ 33. Nxf3 Rxe1 34. Rxe1
Nc5 35. Qxc7 Rxc7 36. Bc2 Ne6 37. Bb3 Nc5 38. Bc2 Ne6 39. Bb3 Nc5 1/2-1/2

[Event "CAN-ch TB 3-4 place 15+10"]
[Site "Montreal CAN"]
[Date "2017.07.01"]
[Round "3"]
[White "Yu, Zong Yang"]
[Black "Thavandiran, Shiyam"]
[Result "1-0"]
[WhiteElo "2393"]
[BlackElo "2363"]
[PlyCount "63"]
[EventDate "2017.07.01"]
[EventType "match (rapid)"]
[EventRounds "4"]
[EventCountry "CAN"]

1. d4 e6 2. Nf3 Nf6 3. c4 d5 4. g3 Bb4+ 5. Bd2 Be7 6. Bg2 O-O 7. O-O c6 8. Qc2
b6 9. Rd1 Nbd7 10. Bf4 Bb7 11. Nc3 Rc8 12. Ne5 Nh5 13. Bc1 Nhf6 14. e4 dxc4 15.
Nxc4 b5 16. Ne3 Qb6 17. b3 Rfd8 18. Bb2 a6 19. Rac1 Bf8 20. Qb1 Bb4 21. Ne2 Bf8
22. Nf4 a5 23. Nd3 c5 24. dxc5 Nxc5 25. Bxf6 gxf6 26. Nf4 Rxd1+ 27. Rxd1 Rd8
28. Ng4 Rxd1+ 29. Qxd1 Qd6 30. Nxf6+ Kh8 31. Qg4 Bg7 32. Qxg7+ 1-0

[Event "CAN-ch TB 3-4 place 15+10"]
[Site "Montreal CAN"]
[Date "2017.07.01"]
[Round "4"]
[White "Thavandiran, Shiyam"]
[Black "Yu, Zong Yang"]
[Result "1/2-1/2"]
[WhiteElo "2363"]
[BlackElo "2393"]
[PlyCount "160"]
[EventDate "2017.07.01"]
[EventType "match (rapid)"]
[EventRounds "4"]
[EventCountry "CAN"]

1. e4 c6 2. Nf3 d5 3. Nc3 Bg4 4. h3 Bxf3 5. Qxf3 e6 6. d4 Nf6 7. Bd3 dxe4 8.
Nxe4 Nbd7 9. c3 Be7 10. Bf4 Nxe4 11. Qxe4 Nf6 12. Qe2 O-O 13. O-O Qa5 14. Rfe1
Rfd8 15. Bc4 Qh5 16. Qc2 Nd5 17. Be5 Bd6 18. Qb3 b6 19. Ba6 Rab8 20. Be2 Qh4
21. Bf3 Qe7 22. Qa4 Qc7 23. Rad1 Ne7 24. g3 Rbc8 25. h4 h6 26. h5 Rd7 27. Qc2
Bxe5 28. dxe5 Rcd8 29. Qe2 c5 30. Be4 Kf8 31. Bc2 Qc6 32. Bb1 Qa4 33. b3 Qc6
34. Rxd7 Rxd7 35. Be4 Qc7 36. Rd1 Qd8 37. Rxd7 Qxd7 38. Qa6 Qc7 39. Bb7 Qb8 40.
Bg2 Kg8 41. Qd3 Kf8 42. g4 Ke8 43. Qb5+ Kd8 44. Qd3+ Ke8 45. Qb5+ Kd8 46. f4
Qc7 47. Kf2 f6 48. Qd3+ Ke8 49. Qe4 fxe5 50. fxe5 Qd7 51. Ke2 Qd5 52. Qa4+ Qd7
53. Qe4 Qd5 54. Qa4+ Qd7 55. Qa6 Nd5 56. Qc4 Nc7 57. a4 Nd5 58. Be4 Ne7 59. Qa6
Qc7 60. Kd3 Kf7 61. Bb7 Qd8+ 62. Kc2 Qb8 63. Kb2 Nd5 64. Qf1+ Ke7 65. Bxd5 exd5
66. Qf5 Qf8 67. Qg6 Kd7 68. Qd3 Ke6 69. Qa6 Qe7 70. a5 Qc7 71. axb6 axb6 72.
Qb5 Kxe5 73. Qd3 Qf7 74. Qa6 Qf6 75. Qb5 Kf4 76. Qd3 Kxg4 77. Qd1+ Kg5 78. Qe2
g6 79. hxg6 Kxg6 80. Qd3+ Kg5 1/2-1/2

[Event "CAN-ch"]
[Site "Montreal,CAN"]
[Date "2017.06.27"]
[Round "1.6"]
[White "Thavandiran, Shiyam"]
[Black "Beaulieu, Eric"]
[Result "1-0"]
[WhiteElo "2363"]
[BlackElo "2124"]
[PlyCount "69"]
[EventDate "2017.06.27"]
[EventType "swiss"]
[EventRounds "9"]
[EventCountry "CAN"]
[WhiteTeam "Kanada"]
[BlackTeam "Kanada"]
[WhiteTeamCountry "CAN"]
[BlackTeamCountry "CAN"]

1. e4 e6 2. d4 d5 3. exd5 exd5 4. Nf3 Nf6 5. Bd3 Bd6 6. O-O O-O 7. Bg5 Bg4 8.
Nbd2 Re8 9. c3 Nbd7 10. Qc2 h6 11. Bh4 c5 12. dxc5 Nxc5 13. Rfe1 g5 14. Rxe8+
Qxe8 15. Bg3 Bxg3 16. hxg3 Bxf3 17. Nxf3 Qa4 18. b3 Qa3 19. Bf5 Re8 20. Rd1
Nce4 21. Bxe4 Rxe4 22. Rxd5 Qe7 23. Rd1 Re2 24. Qf5 Rxa2 25. Qc8+ Kh7 26. Nd4
Qd7 27. Qf8 Ng4 28. Re1 Qd5 29. c4 Qxd4 30. Qxf7+ Qg7 31. Qf5+ Qg6 32. Qxg4 Qf7
33. Qe4+ Kg8 34. Qd4 a6 35. Qd8+ 1-0

[Event "CAN-ch"]
[Site "Montreal,CAN"]
[Date "2017.06.27"]
[Round "2.1"]
[White "Sambuev, Bator"]
[Black "Thavandiran, Shiyam"]
[Result "1-0"]
[WhiteElo "2539"]
[BlackElo "2363"]
[PlyCount "89"]
[EventDate "2017.06.27"]
[EventType "swiss"]
[EventRounds "9"]
[EventCountry "CAN"]

1. d4 Nf6 2. Nf3 b6 3. e3 Bb7 4. Bd3 c5 5. O-O g6 6. c4 Bg7 7. Nc3 cxd4 8. exd4
O-O 9. Re1 d5 10. Bg5 dxc4 11. Bxc4 Nc6 12. a3 h6 13. Bh4 g5 14. Bg3 g4 15. Ne5
Qxd4 16. Qxd4 Nxd4 17. Nxf7 e6 18. Nd6 Bd5 19. Rad1 Bxc4 20. Rxd4 Bb3 21. Rb4
Bd5 22. Nxd5 exd5 23. Kf1 h5 24. Rb5 Rad8 25. Re6 Rd7 26. Ke2 Rdd8 27. a4 Ne8
28. Nxe8 Rfxe8 29. Rxe8+ Rxe8+ 30. Kd3 Rd8 31. b4 Bf6 32. a5 bxa5 33. bxa5 h4
34. Bf4 Rd7 35. a6 Re7 36. Rb8+ Kf7 37. Rb7 Ke6 38. Rxe7+ Bxe7 39. Be3 Kd7 40.
Bxa7 h3 41. g3 Kc6 42. Bd4 Bd6 43. Ke3 Bc7 44. f4 Bd6 45. Kf2 1-0

[Event "CAN-ch"]
[Site "Montreal,CAN"]
[Date "2017.06.28"]
[Round "3.6"]
[White "Thavandiran, Shiyam"]
[Black "Chabot, Roland"]
[Result "1-0"]
[WhiteElo "2363"]
[BlackElo "2144"]
[PlyCount "57"]
[EventDate "2017.06.27"]
[EventType "swiss"]
[EventRounds "9"]
[EventCountry "CAN"]

1. e4 c5 2. Nf3 e6 3. d4 cxd4 4. Nxd4 Nf6 5. Nc3 d6 6. g4 h6 7. h4 Nc6 8. Rg1
h5 9. gxh5 Nxh5 10. Bg5 Nf6 11. Qd2 a6 12. O-O-O Qb6 13. Nb3 Bd7 14. Kb1 Qc7
15. f3 Ne5 16. Qf2 b5 17. f4 Neg4 18. Qf3 b4 19. Ne2 e5 20. Bh3 Qc8 21. Bxf6
Nxf6 22. fxe5 Bxh3 23. exf6 gxf6 24. Nf4 Be6 25. Nd5 Bxd5 26. exd5 Be7 27. Rde1
Qd7 28. Qxf6 Rf8 29. Nd4 1-0

[Event "CAN-ch"]
[Site "Montreal,CAN"]
[Date "2017.06.28"]
[Round "4.4"]
[White "Huang, Qiuyu"]
[Black "Thavandiran, Shiyam"]
[Result "0-1"]
[WhiteElo "2034"]
[BlackElo "2363"]
[PlyCount "86"]
[EventDate "2017.06.27"]
[EventType "swiss"]
[EventRounds "9"]
[EventCountry "CAN"]

1. e4 e6 2. d4 d5 3. Nc3 Bb4 4. exd5 exd5 5. Bd3 Ne7 6. Nge2 Nf5 7. O-O O-O 8.
a3 Be7 9. Ng3 Nxg3 10. hxg3 c6 11. Bf4 Bf6 12. Re1 Be6 13. Ne2 Re8 14. Kh2 Nd7
15. c3 Nf8 16. Rh1 Qd7 17. Qc2 b6 18. a4 Qe7 19. Kg1 g6 20. f3 c5 21. b3 cxd4
22. cxd4 Bf5 23. Kf2 Rac8 24. Qd2 Bxd3 25. Qxd3 Qxe2+ 26. Qxe2 Bxd4+ 27. Kf1
Rxe2 28. Kxe2 Bxa1 29. Rxa1 Ne6 30. Rd1 Rc2+ 31. Ke3 d4+ 32. Ke4 Re2+ 33. Kd5
Nxf4+ 34. gxf4 Rxg2 35. Rxd4 h5 36. Kc6 Re2 37. f5 Re7 38. Rf4 g5 39. Rd4 Re3
40. Kb7 Rxb3 41. Kxa7 Kg7 42. Ka6 Kf6 43. Rd5 Rb4 0-1

[Event "CAN-ch"]
[Site "Montreal,CAN"]
[Date "2017.06.30"]
[Round "7.3"]
[White "Thavandiran, Shiyam"]
[Black "Song, Sam"]
[Result "1-0"]
[WhiteElo "2363"]
[BlackElo "2182"]
[PlyCount "91"]
[EventDate "2017.06.27"]
[EventType "swiss"]
[EventRounds "9"]
[EventCountry "CAN"]

1. e4 c5 2. Nf3 e6 3. d4 cxd4 4. Nxd4 Nc6 5. Nc3 Qc7 6. Be2 a6 7. O-O Nf6 8.
Be3 Bb4 9. Na4 Be7 10. Nxc6 bxc6 11. Nb6 Rb8 12. Nxc8 Qxc8 13. Bd4 c5 14. Be5
Rb6 15. Qd3 O-O 16. Rad1 Qb7 17. Bf3 Qc8 18. Bc3 d6 19. e5 Nd7 20. exd6 Rxd6
21. Qc4 Rxd1 22. Rxd1 Bf6 23. Bxf6 Nxf6 24. b3 Nd7 25. Rd6 Nb8 26. g3 Qc7 27.
Rd3 Rc8 28. a4 Kf8 29. Qe4 g6 30. Qc4 Ke8 31. Qc3 h5 32. Be4 Nd7 33. Qh8+ Ke7
34. Qg7 Ne5 35. Rd1 c4 36. bxc4 Qc5 37. Rd5 exd5 38. Qxe5+ Kf8 39. Bxd5 Rc7 40.
Qh8+ Ke7 41. Qg7 Ke8 42. a5 Qd6 43. Kg2 Rd7 44. h4 Qf8 45. Qf6 Qd6 46. Bxf7+
1-0

[Event "CAN-ch"]
[Site "Montreal,CAN"]
[Date "2017.06.30"]
[Round "8.3"]
[White "Itkin, David"]
[Black "Thavandiran, Shiyam"]
[Result "0-1"]
[WhiteElo "2147"]
[BlackElo "2363"]
[PlyCount "58"]
[EventDate "2017.06.27"]
[EventType "swiss"]
[EventRounds "9"]
[EventCountry "CAN"]

1. e4 e6 2. d4 d5 3. Nc3 Nf6 4. Bg5 Bb4 5. e5 h6 6. Bc1 Ne4 7. Qg4 g6 8. Nge2
c5 9. a3 Bxc3+ 10. bxc3 cxd4 11. cxd4 Qa5+ 12. c3 Nc6 13. Bd2 Bd7 14. Qf4 Rc8
15. h4 Qb6 16. Nc1 Ne7 17. Rh3 Nf5 18. Bd3 h5 19. Bxe4 dxe4 20. g4 hxg4 21.
Qxg4 Qb2 22. Ra2 Qb1 23. h5 gxh5 24. Rxh5 Rxh5 25. Qxh5 Bb5 26. Qg5 Bc4 27.
Qg8+ Kd7 28. Qxf7+ Kc6 29. d5+ Bxd5 0-1

[Event "CAN-ch"]
[Site "Montreal,CAN"]
[Date "2017.07.01"]
[Round "9.3"]
[White "Thavandiran, Shiyam"]
[Black "Yu, Zong Yang"]
[Result "0-1"]
[WhiteElo "2363"]
[BlackElo "2393"]
[PlyCount "104"]
[EventDate "2017.06.27"]
[EventType "swiss"]
[EventRounds "9"]
[EventCountry "CAN"]

1. e4 c5 2. Nf3 e6 3. d4 cxd4 4. Nxd4 a6 5. Bd3 Nf6 6. O-O Qc7 7. Nd2 Nc6 8.
Nxc6 bxc6 9. b3 Be7 10. Bb2 d6 11. Qe2 e5 12. f4 O-O 13. f5 Re8 14. Kh1 Bb7 15.
c4 Bf8 16. Rac1 h6 17. Nf3 Rad8 18. Bb1 Nd7 19. Bc3 a5 20. Qd2 Ra8 21. Rg1 Nc5
22. Rce1 f6 23. Rd1 Red8 24. Qe2 d5 25. Nd2 d4 26. Ba1 Qb6 27. Bd3 a4 28. Rb1
axb3 29. axb3 Nxd3 30. Qxd3 Bb4 31. Nf3 c5 32. Rb2 Bc3 33. Rbb1 Qc6 34. Nd2
Bxd2 35. Qxd2 Qxe4 36. b4 Ra4 37. Rge1 Qxf5 38. bxc5 Be4 39. Rbc1 Rc8 40. Kg1
Rxc5 41. Rf1 Qg6 42. Bb2 Raxc4 43. Rxc4 Rxc4 44. Rc1 Rxc1+ 45. Bxc1 Bd5 46. h3
Qe4 47. Kh2 Kh8 48. Qf2 Kh7 49. Bd2 f5 50. Bb4 f4 51. Bd6 d3 52. Kg1 Qxg2+ 0-1

[Event "Gibraltar Masters"]
[Site "Gibraltar ENG"]
[Date "2017.02.01"]
[Round "9.45"]
[White "Thavandiran, Shiyam"]
[Black "Riff, Jean Noel"]
[Result "0-1"]
[WhiteElo "2367"]
[BlackElo "2468"]
[PlyCount "148"]
[EventDate "2017.01.24"]
[EventType "swiss"]
[EventRounds "9"]
[EventCountry "ENG"]
[Source "Chess Mix"]
[SourceDate "2017.02.10"]

1. e4 c5 2. Nf3 d6 3. Bb5+ Nd7 4. O-O a6 5. Bd3 Ngf6 6. Re1 e6 7. c3 b5 8. a4
c4 9. Be2 Bb7 10. axb5 axb5 11. Rxa8 Qxa8 12. Na3 Be7 13. Nxb5 O-O 14. Na3 Nxe4
15. Nxc4 f5 16. d3 Nef6 17. Nd4 d5 18. Nd2 Nc5 19. Bf1 Bd6 20. Nxe6 Ng4 21. g3
Nxe6 22. Rxe6 Qb8 23. Bg2 Bc8 24. Re2 f4 25. Bxd5+ Kh8 26. Nf1 fxg3 27. hxg3 h5
28. Qa4 Nf6 29. Bf3 Bf5 30. Qh4 Bxd3 31. Bxh5 Nh7 32. Be3 Qb5 33. Rd2 Be5 34.
Nh2 Ra8 35. Kg2 Bf6 36. Qb4 Qf5 37. Bg4 Qg6 38. Be2 Bf5 39. Qb7 Be4+ 40. Qxe4
Qxe4+ 41. Bf3 Qe8 42. Bxa8 Qxa8+ 43. f3 Bg5 44. Ng4 Bxe3 45. Nxe3 Ng5 46. Rf2
Qa1 47. Re2 Qb1 48. Rf2 Qh7 49. Nf1 Qh3+ 50. Kg1 Kg8 51. c4 Qe6 52. Kg2 Qxc4
53. Ne3 Qe6 54. Nf1 Qh3+ 55. Kg1 Kf7 56. b3 Qe6 57. Kg2 Qxb3 58. Nh2 Qe6 59.
Ng4 Qf5 60. Rf1 Kg8 61. Rf2 Qe6 62. Rf1 Nxf3 63. Rxf3 Qxg4 64. Rf4 Qe6 65. Rf2
g5 66. Rf1 Kg7 67. Rf2 Kg6 68. Kh2 Kh5 69. Kg2 Kg4 70. Kh2 Qh6+ 71. Kg2 Qd6 72.
Kh2 Qxg3+ 73. Kh1 Qh4+ 74. Kg2 Qxf2+ 0-1

[Event "Gibraltar Masters"]
[Site "Gibraltar ENG"]
[Date "2017.02.02"]
[Round "10.66"]
[White "Thavandiran, Shiyam"]
[Black "Chan, Kim Yew"]
[Result "1-0"]
[WhiteElo "2367"]
[BlackElo "2152"]
[PlyCount "69"]
[EventDate "2017.01.24"]
[EventType "swiss"]
[EventRounds "9"]
[EventCountry "ENG"]
[Source "Mark Crowther"]
[SourceDate "2017.02.13"]

1. e4 c5 2. b3 Nc6 3. Bb2 Nf6 4. e5 Nd5 5. Nf3 d6 6. Bb5 Bd7 7. exd6 e6 8. O-O
Bxd6 9. c4 Nf6 10. d4 Nxd4 11. Nxd4 cxd4 12. Bxd7+ Qxd7 13. Qxd4 Rd8 14. Qxa7
Ng4 15. h3 Bh2+ 16. Kh1 Bb8 17. Qc5 Rc8 18. Qh5 Nf6 19. Qf3 Rc5 20. Rd1 Qc7 21.
g3 Rf5 22. Qg2 h5 23. Nc3 h4 24. Nb5 Qb6 25. Bd4 Qc6 26. Qxc6+ bxc6 27. g4 Rf4
28. Nc3 Nxg4 29. hxg4 Rxg4 30. Bb6 Ke7 31. Rg1 Rf4 32. Be3 Rf3 33. Rad1 Be5 34.
Ne4 f5 35. Ng5 1-0

[Event "PRO League Group Stage"]
[Site "chess.com INT"]
[Date "2017.02.15"]
[Round "6"]
[White "Garcia Cardenas, Pablo"]
[Black "Thavandiran, Shiyam"]
[Result "1-0"]
[WhiteElo "2424"]
[BlackElo "2367"]
[PlyCount "91"]
[EventDate "2017.01.11"]
[EventType "team"]
[EventRounds "7"]
[EventCountry "USA"]
[Source "Mark Crowther"]
[SourceDate "2017.02.20"]
[WhiteTeam "Patagonia Penguins"]
[BlackTeam "Toronto Dragons"]

1. d4 e6 2. e4 d5 3. Nd2 c5 4. Ngf3 Nf6 5. exd5 exd5 6. Bb5+ Bd7 7. Bxd7+ Nbxd7
8. O-O Be7 9. dxc5 Nxc5 10. Nb3 Nce4 11. Be3 O-O 12. c3 Bd6 13. h3 b5 14. Nbd4
Qd7 15. Qd3 Rab8 16. Rfd1 Rfc8 17. Nc2 a5 18. Bd4 b4 19. cxb4 axb4 20. Ne3 Rd8
21. Nxd5 Bh2+ 22. Kxh2 Qxd5 23. Qe3 Qf5 24. Be5 Rbc8 25. Rxd8+ Rxd8 26. Qb6 Re8
27. Bd4 Nd5 28. Qb5 Qe6 29. Re1 h6 30. Kg1 Re7 31. Nd2 Qf5 32. g4 Nxd2 33. Qb8+
Kh7 34. gxf5 Nf3+ 35. Kg2 Nxe1+ 36. Kg3 Re4 37. Qa7 h5 38. Be3 h4+ 39. Kh2 Nxe3
40. fxe3 Rc4 41. Qxf7 Rc2+ 42. Kh1 Rf2 43. Kg1 Nd3 44. Qh5+ Kg8 45. Qd1 Nxb2
46. Qd5+ 1-0